MAASAI MARA UNIVERSITY

LIBRARY CATALOGUE

Contact Us: +254 020 2685356/7 or 0774 057787

Box: 861-20500, NAROK, KENYA

Email: info@mmarau.ac.ke

_Kikulacho / Zainab B.A. Wahab (Record no. 7117)

MARC details
000 -LEADER
fixed length control field 00300nam a2200109Ia 4500
008 - FIXED-LENGTH DATA ELEMENTS--GENERAL INFORMATION
fixed length control field 151021s9999 xx 000 0 und d
050 ## - LIBRARY OF CONGRESS CALL NUMBER
Classification number PL 8704 .W433K5 1985
245 ## - TITLE STATEMENT
Title _Kikulacho / Zainab B.A. Wahab
260 ## - PUBLICATION, DISTRIBUTION, ETC. (IMPRINT)
Place of publication, distribution, etc. Nairobi : K L B, 1985
300 ## - PHYSICAL DESCRIPTION
Extent 139 p.
980 ## - EQUIVALENCE OR CROSS-REFERENCE-SERIES STATEMENT--PERSONAL NAME/TITLE [LOCAL, CANADA]
Personal name ^d20110421 12:50:03^okilerai

No items available.

© 2016 Maasai Mara University.